<?xml version="1.0" encoding="UTF-8"?>
<marc:record xmlns:marc="http://www.loc.gov/MARC21/slim">
   <marc:leader>00000nam a2200000 a 4500</marc:leader>
   <marc:datafield ind1="1" ind2=" " tag="100">
      <marc:subfield code="a">Wetterau, Jana</marc:subfield>
      <marc:subfield code="4">aut</marc:subfield>
      <marc:subfield code="e">Verfasser/-in</marc:subfield>
   </marc:datafield>
   <marc:datafield ind1=" " ind2=" " tag="653">
      <marc:subfield code="a">Rückbildungsgymnastik</marc:subfield>
   </marc:datafield>
   <marc:datafield ind1=" " ind2=" " tag="653">
      <marc:subfield code="a">Geburt</marc:subfield>
   </marc:datafield>
   <marc:datafield ind1=" " ind2=" " tag="653">
      <marc:subfield code="a">Video / Ratgeber/Gesundheit/Schwangerschaft</marc:subfield>
   </marc:datafield>
   <marc:datafield ind1=" " ind2=" " tag="653">
      <marc:subfield code="a">Säuglinge</marc:subfield>
   </marc:datafield>
   <marc:datafield ind1=" " ind2=" " tag="653">
      <marc:subfield code="a">DVD-ROM</marc:subfield>
   </marc:datafield>
   <marc:datafield ind1="0" ind2="0" tag="245">
      <marc:subfield code="a">Fit mit Baby</marc:subfield>
   </marc:datafield>
   <marc:datafield ind1="0" ind2="0" tag="245">
      <marc:subfield code="b">Schnell schlank nach der Geburt</marc:subfield>
   </marc:datafield>
   <marc:datafield ind1="0" ind2="0" tag="245">
      <marc:subfield code="c">Jana Wetterau</marc:subfield>
   </marc:datafield>
   <marc:datafield ind1=" " ind2="1" tag="264">
      <marc:subfield code="a">Berlin</marc:subfield>
      <marc:subfield code="b">5W Verlag</marc:subfield>
      <marc:subfield code="c">2011</marc:subfield>
   </marc:datafield>
   <marc:datafield ind1=" " ind2=" " tag="250">
      <marc:subfield code="a">2., rev. Ausg.</marc:subfield>
   </marc:datafield>
   <marc:datafield ind1="1" ind2=" " tag="520">
      <marc:subfield code="a">Angaben aus der Verlagsmeldung

Fit mit Baby : Schnell schlank nach der Geburt / von Jana Wetterau

Das Original - Empfohlen von familie.de. Überarbeitete und erweiterte Auflage. NEU: Beckenbodenschulung mit Hebamme Katharina Werner. Sie wollen nach der Geburt Ihres Babies schnell wieder zu Ihrer alten Figur zurück finden?Sich wieder dem Sport zu widmen ist für frisch gebackene Mütter organisatorisch meist schwer. Um zu trainieren, mag keine Mami ihr süßes Würmchen weggeben oder es im Fitness-Studio fremden Betreuern anvertrauen. Doch Schwangerschaft und Geburt haben ihre Spuren hinterlassen, die so schnell wie möglich wieder verschwinden sollen.Mami-Fitness-Expertin Jana Wetterau hat ein einzigartiges Programm aus Rückbildungsgymnastik, Beckenboden-, Kraft- und Ausdauertraining sowie Stretching für junge Mütter entwickelt. Der Clou: IHR BABY WIRD INTEGRIERT. Sie tun etwas für sich und haben gleichzeitig ein freudestrahlendes Baby an ihrer Seite, weil es die Nähe der Mutter bei den Übungen genießt. Sie werden schnell wieder fit und schlank und verbringen viel wertvolle Zeit mit Ihrem Baby.
</marc:subfield>
   </marc:datafield>
   <marc:datafield ind1=" " ind2=" " tag="020">
      <marc:subfield code="a">9783942177078</marc:subfield>
      <marc:subfield code="9">9783942177078</marc:subfield>
   </marc:datafield>
   <marc:datafield ind1=" " ind2=" " tag="041">
      <marc:subfield code="a">ger</marc:subfield>
   </marc:datafield>
   <marc:datafield ind1=" " ind2=" " tag="300">
      <marc:subfield code="a">DVD-ROMs</marc:subfield>
   </marc:datafield>
</marc:record>
